Soccer legends by picture - Statistics

General Stats
  • This quiz has been taken 81 times
  • The average score is 16 of 18
Answer Stats
Picture Answer % Correct
pele
97%
ronaldinho
96%
Rooney
96%
maradona
95%
zidane
95%
beckham
92%
buffon
91%
henry
91%
iniesta
91%
kaka
91%
xavi
91%
cruyff
88%
aguero
86%
maldini
86%
best
82%
puskas
79%
eto'o
75%
nazario
57%
No matching quizzes found
Score Distribution
Percent of People with Each Score
Percentile by Number Answered
Your Score History
You have not taken this quiz